أساليب المقالة و تطورها في الأدب العراقي الحديث و الصحافة العراقية / (رقم التسجيلة. 15982)

تفاصيل مارك
000 -LEADER
fixed length control field 00636nam a22001937a 4500
005 - DATE AND TIME OF LATEST TRANSACTION
control field 20251108164844.0
008 - FIXED-LENGTH DATA ELEMENTS--GENERAL INFORMATION
fixed length control field 250721s1976 xx 000 0 ara d
082 14 - DEWEY DECIMAL CLASSIFICATION NUMBER
Classification number 814.09563/مني
100 1# - MAIN ENTRY--PERSONAL NAME
Personal name بكر، منير
245 10 - TITLE STATEMENT
Title أساليب المقالة و تطورها في الأدب العراقي الحديث و الصحافة العراقية /
264 1# - PRODUCTION, PUBLICATION, DISTRIBUTION, MANUFACTURE, AND COPYRIGHT NOTICE
Place of production, publication, distribution, manufacture بغداد :
Name of producer, publisher, distributor, manufacturer جامعة بغداد،
Date of production, publication, distribution, manufacture, or copyright notice 1976.
300 ## - PHYSICAL DESCRIPTION
Extent 624ص
650 17 - SUBJECT ADDED ENTRY--TOPICAL TERM
Topical term or geographic name as entry element المقالات العربية
650 17 - SUBJECT ADDED ENTRY--TOPICAL TERM
Topical term or geographic name as entry element التاريخ الأدبي
650 17 - SUBJECT ADDED ENTRY--TOPICAL TERM
Topical term or geographic name as entry element النقد الأدبي
650 17 - SUBJECT ADDED ENTRY--TOPICAL TERM
Topical term or geographic name as entry element العراق
942 ## - ADDED ENTRY ELEMENTS (KOHA)
Source of classification or shelving scheme Dewey Decimal Classification
Koha item type كتب
المقتنيات
حالة السحب حالة الفقدان مصدر التصنيف حالة التلف غير قابل للإعارة المكتبة الرئيسية المكتبة الحالية موقع الرف تاريخ التزويد الرقم المتسلسل Total Checkouts رقم الإستدعاء الباركود تاريخ آخر ظهور تاريخ الفاتورة نوع المادة (كوها)
    Dewey Decimal Classification     المكتبة المركزية المكتبة المركزية الإعارة 06/07/2004 59396   814.09563/مني 59396 28/07/2025 06/07/2004 كتب
Implemented & Customized by: BBB with SCIT (Smart Chains for Information Technology)

Powered by Koha